1115 1177 1844 1006 1801 1421 1225 1244 1973 1014 1126 1844 1475 1981 1463 1147 1382 1898 1868 1388 1374 1253 1603 1884 1615 1582 1691 1618 1830 1119 1941 1872 1593 1548 1673 1128 1747 1646 1879 1925 1427 1235 1932 1283 1451 1053 1671 1714 1694 1724 1199 1413 1233 1295 1589 1606 1726 1133 1694 1418 1820 1536 1397 1754 1513 1458 1329 1658 1931 1675 1172 1535 1121 1555 1085 1960 1446 1396 1746 1935 1627 1970 1264 1518 1580 1715 1474 1651 1920 1411 1180 1911 1866 1468 1456 1869 1796 1038 1466 BCNSPRNW ULIB Ver.6.0+V

เปลี่ยนเป็นภาษาไทย

Change to English
 แสดงรายละเอียดบรรณานุกรม
  กลับหน้าหลัก

Brief Record : Get Marc (ISO 2709) : E-mail record : QR code < ปิดหน้าต่าง
LEADER : 00000nam 2200000uu 4500
001    13399129100
003     ULIB
008    250716s2566||||th 000 0 tha d
020 ^- ^a9786162627828
050 ^- ^aT385^bอ619ส
100 0  ^aอัมรินทร์ เพ็ชรกุล
245 ^- ^aสร้างสื่อและชิ้นงานกราฟิกสำหรับโซเชียลมีเดีย พรีเซนเตชั่น การตลาดด้วย CANVA เครื่องมือดีไซน์ออนไลน์ /^cอัมรินทร์ เพ็ชรกุล
246 ^- ^aดีไซน์งานกราฟิกได้เองสำหรับโซเชียลและสื่อต่างๆ ด้วย Canva
260 ^- ^a กรุงเทพฯ :^bรีไวว่า,^c2566
300 ^- ^a198 หน้า :^bภาพประกอบ ;^c21 ซม.
505 ^- ^aFORMATTED CONTENTS NOTE
650 ^4 ^aงานกราฟิก
650 ^0 ^aสร้างคอนเทนต์
650 ^0 ^aCANVA (โปรแกรมคอมพิวเตอร์)
945    ^p249^l0^i011857
999    ^aประนอม เกษจรัล
รายการนี้ยังไม่มีแท็ก
คุณยังไม่ได้ล็อกอิน คุณสามารถมีกิจกรรมร่วมกับเว็บไซต์ได้ แต่ต้องล็อกอินก่อน ::
  ล็อกอิน

รายการสื่อสารสนเทศ

ลำดับที่ ประเภท เลขเรียก/บาร์โค้ด สถานที่ สถานะ
1. การศึกษาทั่วไป
หนังสือสำรอง
สถานะ=หนังสือสำรอง
T385 อ619ส ฉ.1 
  Barcode: 011857
ห้องสมุดวิทยาเขตสวรรค์ประชารักษ์
►หนังสือทั่วไป
บนชั้น

รายการใกล้เคียง
    ผู้แต่ง [อัมรินทร์ เพ็ชรกุล]

BibComment


ยังไม่เคยถูกคอมเมนท์

คอมเมนท์ทรัพยากรรายการนี้
  คอมเมนท์: สร้างสื่อและชิ้น..


 Copyright 2026. Bcnsprnw @Library